000 02155nam a22002417a 4500
999 _c63670
_d63670
003 Ge_BSU
005 20251204203727.0
008 251204s2001 ge ||||| |||| 00| 0 geo d
020 _a999288116X
041 _ageo
080 _a81'374.26:33=161.1=353 : 33(038) : 314(038) ე-49
245 _aეკონომიკური და დემოგრაფიული ტერმინოლოგია = Экономическая и демографическая терминология :
_b(რუსულ-ქართული და ქართულ-რუსული) /
_cშემდგენლები: პ. გუგუშვილი, ვ. ჩანტლაძე, ლ. ჩიქავა, ა. კოშკელაშვილი; ლეო ჩიქავას საერთო რედაქციით; საქართველოს ეკონომიკურ მეცნიერებათა აკადემია, საქართველოს მეცნიერებათა აკადემიის დემოგრაფიისა და სოციოლოგიური კვლევის ინსტიტუტი.
264 _aთბილისი :
_bსიახლე,
_c2001.
300 _a634 გვ. ;
_b25 სმ.
504 _aგამოყენებული ლიტერატურა: გვ. 633-634.
700 _aგუგუშვილი, პ.
_eშემდგენელი
_918004
700 _aჩიქავა, ლეო
_eშემდგენელი,მთავარი რედაქტორი, წინასიტყვაობის ავტორი.
_926359
700 _aკოშკელაშვილი, ალა
_eშემდგენელი, რედაქტორი
_926360
700 _aასათიანი, როზეტა
_e რედაქტორი
_926361
700 _aაბაშიძე, იზოლდა
_eრედაქტორი.
_926362
700 _aტუხაშვილი, მირიან
_eრედაქტორი
_915190
942 _2udc
_cᲬᲘᲒᲜᲘ